000 00419cam a22001337a 4500
008 180718b1981 xxu||||| |||| 00| 0 eng d
082 _aXAx42 B917
100 _aBurke, Gill
245 _aHousing and social justice: the role of policy in British housing
_cby Gill Burke
260 _aLondon
_bLongman
_c1981
300 _ax, 227p
440 _aSocial policy in modern Britain
650 _aHousing policy --Great Britain.
999 _c415150
_d415150